000 00321nam a22001337a 4500
008 170412b xxu||||| |||| 00| 0 eng d
020 _a9781929007257
041 _aeng
080 _a618
100 _a10
101 _aSHM
245 _aNETTERS OBSTETRICS GYNECOLOGY AND WOMENS HEALTH
_cSMITH.R.P
942 _2udc
_cBK
999 _c10473
_d10473